| 000 | 00754cam a22002415a 4500 | ||
|---|---|---|---|
| 999 |
_c27530 _d27501 |
||
| 005 | 20190625105632.0 | ||
| 008 | 080423t2008 mau fr 001 0 eng d | ||
| 020 | _a9781422126486 | ||
| 040 |
_aStDuBDS _beng _cStDuBDS _dUk _dEG-ScBUE |
||
| 082 | 0 | 4 |
_a658.406 _222 _bHAR |
| 245 | 0 | 0 | _aHarvard business review on strategic renewal. |
| 260 |
_aBoston, Mass. : _bHarvard Business School Press ; _cc.2008. |
||
| 300 |
_a207 p. ; _c21 cm. |
||
| 490 | 0 | _aThe Harvard business review paperback series | |
| 500 | _aIncludes index. | ||
| 500 |
_aFormerly CIP. _5Uk |
||
| 650 | 7 |
_aStrategic planning. _2BUEsh |
|
| 650 | 7 |
_aOrganizational change. _2BUEsh |
|
| 650 | 7 |
_aBusiness planning. _2BUEsh |
|
| 651 | _2BUEsh | ||
| 653 |
_bBUSADM _cJune2019 |
||
| 942 | _2ddc | ||